000 00644nam a2200229Ia 4500
003 OSt
005 20220928105557.0
006 a|||||r|||| 00| 0
007 ta
008 220927b |||||||| |||| 00| 0 hin d
024 _a141454
037 _cTextual
040 _aSDCL
_cSDCL
_bhin
041 _2hin
_ahin
082 _aO152,1:g(Y73(Q7)), L1;1
100 _aAli Asad
_9415868
245 0 _aBhakti kalin Hindi sahitya par Muslim sanscriti ka prabhaw.
260 _aDelhi
_bS E S Prakashan
_c1971
300 _a369p
_ccm.
942 _hO152,1:g(Y73(Q7)), L1;1
_cTEXL
_2CC
999 _c731767
_d731767